000 00673cab a2200217 4500
001 WB2744-31
008 090401t1991 xxu||||| |||| 00| 0 eng d
035 _a(Sirsi) u40026
041 _aeng
245 _aUBR hits southern businesses
260 _c1991
350 _a0
490 _aDaily Telegraph
_v11 November 1991, 2 & 27(1)
520 _aA survey published by the London Chamber of Commerce finds three out of four businesses in the south are worse off under the uniform business rate.
650 _aLONDON CHAMBER OF COMMERCE
650 _aUBR
650 _aUNIFORM BUSINESS RATE
690 _aRATING AND VALUATION
942 _n0
948 _c04/03/1997
999 _c25632
_d25632